00358pab a2200133 454500008003600000100002000036245005500056362002800111650001200139650001200151700002500163700001900188773001700207180718b xxu||||| |||| 00| 0 eng d aChandra Suparna aAre the old really obsolete?- an exploratory study a73(3), Sep 93, p.215-28 a Ageing aOld Age aChakrabarti Prafulla aShome Debkumar aMan in India